Miscellaneous essays : and The lays of ancient Rome /

Bibliographic Details
Main Author: Macaulay, Thomas Babington Macaulay, Baron, 1800-1859
Format: Book
Language:English
Published: London : New York : J. M. Dent & sons, ltd.; E. P. Dutton & co., [1910]
Series:Everyman's library.

MARC

Tag First Indicator Second Indicator Subfields
LEADER 00000cam a2200000 a 4500
001 in00000018913
005 20151007054113.0
008 820519s1910 enk b 00010 eng c
010 |a a 10002359  
035 |a (OCoLC)08441892 
035 |9 AAB3993AM 
040 |a Enoch Pratt Free Libr.  |c URB  |d TXA  |d UtOrBLW 
049 |a TXAM  |c [A11103981] 
050 4 |a PR4963  |b .A1 1910 
100 1 |a Macaulay, Thomas Babington Macaulay,  |c Baron,  |d 1800-1859. 
245 1 0 |a Miscellaneous essays :  |b and The lays of ancient Rome /  |c by Thomas Babington Macaulay. 
264 1 |a London :  |b J. M. Dent & sons, ltd.;  |a New York :  |b E. P. Dutton & co.,  |c [1910] 
300 |a xvi, 528 pages ;  |c 18 cm. 
336 |a text  |b txt  |2 rdacontent 
337 |a unmediated  |b n  |2 rdamedia 
338 |a volume  |b nc  |2 rdacarrier 
490 1 |a Everyman's library 
500 |a Title within ornamental border. 
500 |a Introduction by T. F. Ellis. 
504 |a Bibliography: pages xii-xiii. 
740 4 |a The lays of ancient Rome. 
830 0 |a Everyman's library. 
999 |a MARS 
999 f f |s 2cd958e7-1b76-3283-87f1-e0d36bb9718f  |i afe8707a-c97a-390b-8c06-e66029a88240  |t 0 
952 f f |p normal  |a Texas A&M University  |b College Station  |c Sterling C. Evans Library  |d Evans: Library Stacks  |t 0  |e PR4963 .A1 1910  |h Library of Congress classification  |i unmediated -- volume  |m A14811103981 
998 f f |a PR4963 .A1 1910  |t 0  |l Evans: Library Stacks